| 000 | 00924cam a2200301 i 4500 | ||
|---|---|---|---|
| 001 | 200454261 | ||
| 003 | TR-AnTOB | ||
| 005 | 20250728091806.0 | ||
| 007 | ta | ||
| 008 | 230921s1997 tu 000 0 tur d | ||
| 020 | _a9759464616 | ||
| 040 |
_aTR-AnTOB _beng _erda _cTR-AnTOB |
||
| 041 | 0 | _atur | |
| 060 |
_aQX 21 _bP221 1997 |
||
| 096 |
_aQX21 _bP221 1997 |
||
| 245 | 0 | 0 |
_aParazit hastalıklarında tanı / _ceditörler M. Ali Özcel, Nazmiye Altıntaş. |
| 264 | 1 |
_aİzmir : _bTürkiye Parazitoloji Derneği, _c1997. |
|
| 300 |
_a416 pages ; _c23 cm |
||
| 336 |
_2rdacontent _atext _btxt |
||
| 337 |
_2rdamedia _aunmediated _bn |
||
| 338 |
_2rdacarrier _avolume _bnc |
||
| 440 | 0 |
_aTürkiye Parazitoloji Derneği yayınları; _v15 |
|
| 650 | 2 |
_aParasitology _9142761 |
|
| 700 | 1 |
_aÖzcel, M. Ali _eeditor _9142757 |
|
| 700 | 1 |
_aAltıntaş, Nazmiye _eeditor _9149375 |
|
| 942 |
_2NLM _cBK |
||
| 999 |
_c200454261 _d72473 |
||